| 000 | 00832nam a2200253 i 4500 | ||
|---|---|---|---|
| 001 | 185957 | ||
| 003 | SpMaBN | ||
| 005 | 20250804052224.0 | ||
| 008 | 160830s1994 sp |||| | spa d | ||
| 020 | _a84-376-1280-2 | ||
| 080 | _a128 | ||
| 080 | _a211.2 | ||
| 100 | 1 |
_aLévinas, Emmanuel. _971972 |
|
| 245 | 1 | 0 |
_aDios, la muerte y el tiempo / _cEmmanuel Levinas ; texto fijado, notas y epílogo de Jacques Rolland ; [traducción de María Luisa Rodríguez Tapia]. |
| 260 |
_aMadrid : _bCátedra, _c[1994] |
||
| 300 |
_a283 p. ; _c18 cm. |
||
| 490 | 1 |
_aTeorema. _aSerie menor |
|
| 650 | 7 |
_aMuerte _2embne _915241 |
|
| 650 | 0 | 7 |
_aDios. _911900 |
| 700 | 1 |
_aRolland, Jacques. _9160626 |
|
| 830 | 0 |
_aTeorema. _aSerie menor _9184078 |
|
| 852 |
_aES-MaACL _jL-30577 _z. - Donat. Miguel A. Velasco |
||
| 999 |
_c185957 _d185957 |
||